<?xml version="1.0" encoding="UTF-8"?>
<record
    xmlns:xsi="http://www.w3.org/2001/XMLSchema-instance"
    xsi:schemaLocation="http://www.loc.gov/MARC21/slim http://www.loc.gov/standards/marcxml/schema/MARC21slim.xsd"
    xmlns="http://www.loc.gov/MARC21/slim">

  <leader>03220nam a2200517Ia 4500</leader>
  <controlfield tag="001">2367</controlfield>
  <controlfield tag="008">241029s9999    xx            000 0 und d</controlfield>
  <datafield tag="010" ind1=" " ind2=" ">
    <subfield code="a">2223</subfield>
  </datafield>
  <datafield tag="041" ind1=" " ind2=" ">
    <subfield code="a">Espa&#xF1;ol</subfield>
  </datafield>
  <datafield tag="082" ind1=" " ind2=" ">
    <subfield code="a">BU. ED. 167. UTESA F.H.</subfield>
  </datafield>
  <datafield tag="245" ind1=" " ind2="0">
    <subfield code="a">T&#xE9;cnicas de evaluaci&#xF3;n empleadas por los profesores de ingl&#xE9;s UTESA Ciclo 2-7</subfield>
  </datafield>
  <datafield tag="260" ind1=" " ind2=" ">
    <subfield code="a">Santo Domingo</subfield>
  </datafield>
  <datafield tag="300" ind1=" " ind2=" ">
    <subfield code="a">69</subfield>
  </datafield>
  <datafield tag="520" ind1=" " ind2=" ">
    <subfield code="a">35</subfield>
  </datafield>
  <datafield tag="630" ind1=" " ind2=" ">
    <subfield code="a">Evaluaci&#xF3;n</subfield>
  </datafield>
  <datafield tag="650" ind1=" " ind2=" ">
    <subfield code="a">Evaluaci&#xF3;n</subfield>
  </datafield>
  <datafield tag="690" ind1=" " ind2=" ">
    <subfield code="a">Elaborado</subfield>
  </datafield>
  <datafield tag="700" ind1=" " ind2=" ">
    <subfield code="e">asesor</subfield>
    <subfield code="a">Javier, Mario</subfield>
  </datafield>
  <datafield tag="700" ind1=" " ind2=" ">
    <subfield code="e">autor</subfield>
    <subfield code="a">Carela, Juanita</subfield>
  </datafield>
  <datafield tag="901" ind1=" " ind2=" ">
    <subfield code="a">{"1":"Carela"}</subfield>
    <subfield code="b">{"1":"Juanita"}</subfield>
  </datafield>
  <datafield tag="902" ind1=" " ind2=" ">
    <subfield code="a">1</subfield>
  </datafield>
  <datafield tag="903" ind1=" " ind2=" ">
    <subfield code="a">{"1":"Javier"}</subfield>
    <subfield code="b">{"1":"Mario"}</subfield>
  </datafield>
  <datafield tag="904" ind1=" " ind2=" ">
    <subfield code="a">Maestr&#xED;a en</subfield>
  </datafield>
  <datafield tag="905" ind1=" " ind2=" ">
    <subfield code="a">Ciencias de la Educaci&#xF3;n</subfield>
  </datafield>
  <datafield tag="906" ind1=" " ind2=" ">
    <subfield code="a">2</subfield>
  </datafield>
  <datafield tag="907" ind1=" " ind2=" ">
    <subfield code="a">NO APLICA</subfield>
  </datafield>
  <datafield tag="908" ind1=" " ind2=" ">
    <subfield code="a">NO APLICA</subfield>
  </datafield>
  <datafield tag="909" ind1=" " ind2=" ">
    <subfield code="a">Universidad Tecnol&#xF3;gica de Santiago (UTESA), Campus Central Herrera</subfield>
  </datafield>
  <datafield tag="910" ind1=" " ind2=" ">
    <subfield code="a">NULL</subfield>
    <subfield code="b">NULL</subfield>
  </datafield>
  <datafield tag="911" ind1=" " ind2=" ">
    <subfield code="a">["1"]</subfield>
  </datafield>
  <datafield tag="912" ind1=" " ind2=" ">
    <subfield code="a">NO APLICA</subfield>
  </datafield>
  <datafield tag="913" ind1=" " ind2=" ">
    <subfield code="a">NULL</subfield>
  </datafield>
  <datafield tag="914" ind1=" " ind2=" ">
    <subfield code="a">03 de Septiembre de 2007</subfield>
  </datafield>
  <datafield tag="915" ind1=" " ind2=" ">
    <subfield code="a">18/09/14 10:09</subfield>
  </datafield>
  <datafield tag="916" ind1=" " ind2=" ">
    <subfield code="a">NULL</subfield>
  </datafield>
  <datafield tag="917" ind1=" " ind2=" ">
    <subfield code="a">NULL</subfield>
  </datafield>
  <datafield tag="918" ind1=" " ind2=" ">
    <subfield code="a">NO APLICA</subfield>
  </datafield>
  <datafield tag="919" ind1=" " ind2=" ">
    <subfield code="a">["97"]</subfield>
  </datafield>
  <datafield tag="520" ind1=" " ind2=" ">
    <subfield code="a">En este trabajo de investigaci&#xF3;n se analiz&#xF3; la informaci&#xF3;n educativa de la evaluaci&#xF3;n y su aplicaci&#xF3;n por maestros de ingl&#xE9;s de la carrera de Lenguas Modernas de la Universidad Tecnol&#xF3;gica de Santiago (UTESA) Recinto Santo Domingo, Per&#xED;odo Mayo-Agosto, 2007.El m&#xE9;todo utilizado en la investigaci&#xF3;n fue, &#xA0;el an&#xE1;lisis documental. Para la recolecci&#xF3;n de los datos se emplearon tres t&#xE9;cnicas, &#xA0;observaci&#xF3;n de las clases de ingl&#xE9;s impartidas &#xA0;a los estudiantes de lenguas extranjeras, cuestionarios a estudiantes y entrevistas a 10 profesores de la carrera de Lenguas Modernas.Entre las conclusiones del estudio estuvieron que la evaluaci&#xF3;n continua, por ser la m&#xE1;s conveniente por sus caracter&#xED;sticas es la m&#xE1;s utilizada por los profesores de ingl&#xE9;s de la carrera de Lenguas Modernas. Los profesores al comenzar un nuevo ciclo aplican a sus estudiantes una prueba diagn&#xF3;stica que puede ser oral o escrita o ambas a la vez para conocer el nivel de conocimiento y poder planificar los nuevos contenidos. Tambi&#xE9;n que los recursos tecnol&#xF3;gicos no son ampliamente utilizados, pues no hay en UTESA laboratorios de Idiomas y el &#xFA;nico recurso tecnol&#xF3;gico utilizado es el radio para escuchar los CDs. El DVD no es utilizado en el sal&#xF3;n de clases. &#xA0;Los maestros planifican sus clases y en esta planificaci&#xF3;n incluyen las evaluaciones que en la mayor&#xED;a de los casos es un examen escrito. Entre las recomendaciones de la investigaci&#xF3;n est&#xE1; fortalecer los procesos de evaluaci&#xF3;n de los estudiantes de las carreras de Lenguas Modernas, para eficientizar el aprendizaje de las Lenguas Extranjeras, especialmente el ingl&#xE9;s. Establecer sistemas de supervisi&#xF3;n de los procesos evaluativos que se utilizaron en toda la carrera de Lenguas Modernas. Tambi&#xE9;n se recomend&#xF3; la creaci&#xF3;n de un Laboratorio de Idiomas donde los estudiantes tengan contacto con la nueva tecnolog&#xED;a para perfeccionar los aprendizajes de las Lengua Extranjeras.</subfield>
  </datafield>
  <datafield tag="921" ind1=" " ind2=" ">
    <subfield code="a">16</subfield>
  </datafield>
  <datafield tag="922" ind1=" " ind2=" ">
    <subfield code="a">16</subfield>
  </datafield>
  <datafield tag="923" ind1=" " ind2=" ">
    <subfield code="a">0</subfield>
  </datafield>
  <datafield tag="924" ind1=" " ind2=" ">
    <subfield code="a">NO APLICA</subfield>
  </datafield>
  <datafield tag="942" ind1=" " ind2=" ">
    <subfield code="c">Tesis</subfield>
  </datafield>
  <datafield tag="999" ind1=" " ind2=" ">
    <subfield code="c">2223</subfield>
    <subfield code="d">2223</subfield>
  </datafield>
</record>
